Visualizzazione normale
Vista MARC
- Alimenti Dante
di Personal Name
Records bibliografici associati: 1
001 - CONTROL NUMBER
- control field: 52303
003 - CONTROL NUMBER IDENTIFIER
- control field: IT-RoPau
005 - DATE AND TIME OF LATEST TRANSACTION
- control field: 20151202215658.0
008 - FIXED-LENGTH DATA ELEMENTS
- fixed length control field: 151202|| aca||aabn | a|a d
040 ## - CATALOGING SOURCE
- Original cataloging agency: IT-RoPau
- Transcribing agency: IT-RoPau
100 ## - HEADING--PERSONAL NAME
- Personal name: Alimenti Dante
- Relator term: (soggetto)
- Miscellaneous information: Codice Soggetto SPICS: 9990
670 ## - SOURCE DATA FOUND
- Source citation: Work cat.: (IT-RoPau)107488: Karajan Herbert Von Codice regista SPICS: 12263 52300, SANTA MESSA CELEBRATA DA SUA SANTITA' GIOVANNI PAOLO II SANTA MESSA CELEBRATA DA SUA SANTITA' GIOVANNI PAOLO II (Rif. Codice opera principale : 37384)